1279 1446 1591 1126 1021 1819 1037 1367 1632 1057 1145 1949 1159 1045 1054 1178 1773 1200 1708 1288 1422 1261 1940 1066 1243 1700 1189 1882 1630 1397 1877 1018 1200 1013 1545 1637 1408 1427 1526 1921 1617 1158 1269 1155 1968 1583 1127 1495 1820 1235 1811 1332 1770 1567 1252 1065 1108 1675 1264 1276 1383 1076 1460 1838 1079 1645 1946 1109 1736 1012 1164 1857 1301 1650 1363 1797 1785 1255 1444 1525 1167 1413 1147 1829 1198 1872 1919 1635 1261 1786 1210 1370 1455 1239 1720 1423 1936 2000 1358 BCNSPRNW ULIB Ver.6.0+V

เปลี่ยนเป็นภาษาไทย

Change to English
 แสดงรายละเอียดบรรณานุกรม
  กลับหน้าหลัก

Brief Record : Get Marc (ISO 2709) : E-mail record : QR code < ปิดหน้าต่าง
LEADER : 00000nam 2200000uu 4500
001    13399122360
003     ULIB
008    130222s2555||||th 000 0 tha d
099    วจ.WY18^bภ636ก
100 0  ภุมรินทร์ อินชัวนี, ดวงพร หุ่นตระกูล, ชลลดา ติยะวิสุทธิศรี และสิทธามาศ อนุธาตุ
245 00 การพัฒนาความสามารถในการคิดอย่างมีวิจารณญาณโดยใช้กระบวนการคิดอย่างเป็นระบบ:^bกรณีศึกษาวิชาการพัฒนากระบวนการคิดอย่างเป้นระบบ สำหรับนักศึกษาพยาบาลศาสตร์ ชั้นปีที่ 1 วิทยาลัยพยาบาลบรมราชชนนี พุทธชินราช^cโดยภุมรินทร์ อินชัวนี, ดวงพร หุ่นตระกูล, ชลลดา ติยะวิสุทธิศรี และสิทธามาศ อนุธาตุ
260    พิษณุโลก:^bวิทยาลัยพยาบาลบรมาราชชนนี พุทธชินราช,^c2555
300    94 หน้า
650  0 การคิด^xวิจัย
700 0  ดวงพร หุ่นตระกูล
700 0  ชลลดา ติยะวิสุทธิศรี
700 0  สิทธามาศ อนุธาตุ
945    ^p0^l0^i033609
945    ^p0^l0^i001387
999    ^aเกษร โพธิ์สุวรรณ
รายการนี้ยังไม่มีแท็ก
คุณยังไม่ได้ล็อกอิน คุณสามารถมีกิจกรรมร่วมกับเว็บไซต์ได้ แต่ต้องล็อกอินก่อน ::
  ล็อกอิน

รายการสื่อสารสนเทศ

ลำดับที่ ประเภท เลขเรียก/บาร์โค้ด สถานที่ สถานะ
1. งานวิจัย
งานวิจัย
วจ.WY18 ภ636ก  
  Barcode: 033609
ห้องสมุดวิทยาเขตสวรรค์ประชารักษ์
►วิจัย
บนชั้น
2. งานวิจัย
งานวิจัย
วจ.WY18 ภ636ก ฉ.2 
  Barcode: 001387
ห้องสมุดวิทยาเขตสวรรค์ประชารักษ์
►วิจัย
บนชั้น

BibComment


ยังไม่เคยถูกคอมเมนท์

คอมเมนท์ทรัพยากรรายการนี้
  คอมเมนท์: การพัฒนาความสามาร..


 Copyright 2026. Bcnsprnw @Library